[Event "New York op"]
[Site "Newark"]
[Date "1995.??.??"]
[Round "?"]
[White "Karklins, Andrew"]
[Black "Ivanov, Igor V"]
[Result "0-1"]
[WhiteElo "2340"]
[BlackElo "2475"]
[PlyCount "112"]
[GameId "1166639093354496"]
[EventDate "1995.04.12"]
[EventType "swiss"]
[EventRounds "9"]
[EventCountry "USA"]
[SourceTitle "EXT 2002"]
[Source "ChessBase"]
[SourceDate "2001.11.25"]
[SourceVersion "1"]
[SourceVersionDate "2001.11.25"]
[SourceQuality "1"]

1. e4 e5 2. Nf3 Nc6 3. d4 exd4 4. Nxd4 g6 5. Nc3 Bg7 6. Nde2 Nf6 7. Nf4 O-O 8. Bc4 Re8 9. O-O Nxe4 10. Bxf7+ Kxf7 11. Qd5+ Kf8 12. Nxe4 Re5 13. Qd3 d5 14. Ng3 Qd6 15. Qd1 Bd7 16. Nd3 Re7 17. Bf4 Ne5 18. Qd2 Rae8 19. Rae1 Bb5 20. Nxe5 Bxe5 21. Rxe5 Rxe5 22. Rd1 Kf7 23. h3 Re1+ 24. Rxe1 Rxe1+ 25. Qxe1 Qxf4 26. Qd1 Qe5 27. c3 c5 28. Qd2 g5 29. Qc2 Kg7 30. Nf5+ Kf6 31. Ne3 h5 32. Qd2 Bc6 33. Nc2 Qe4 34. Ne1 d4 35. f3 Qd5 36. a3 h4 37. Nd3 dxc3 38. Qxc3+ Qd4+ 39. Qxd4+ cxd4 40. Kf2 Bb5 41. Nc5 Ke5 42. Ne4 Kf4 43. b4 b6 44. Nd6 Bd7 45. Nc4 Be6 46. Nb2 Bf5 47. Nc4 Bd3 48. Nd6 Ke5 49. Nc8 Bc4 50. Nxa7 Kf4 51. a4 d3 52. Nb5 Bxb5 53. axb5 d2 54. Ke2 Kg3 55. Kxd2 Kxg2 56. Ke3 Kxh3 0-1

[Event "New York op"]
[Site "Newark"]
[Date "1995.??.??"]
[Round "?"]
[White "Schwartz, Ylon"]
[Black "Ivanov, Igor V"]
[Result "0-1"]
[WhiteElo "2275"]
[BlackElo "2475"]
[PlyCount "54"]
[GameId "1166639093579776"]
[EventDate "1995.04.12"]
[EventType "swiss"]
[EventRounds "9"]
[EventCountry "USA"]
[SourceTitle "EXT 2002"]
[Source "ChessBase"]
[SourceDate "2001.11.25"]
[SourceVersion "1"]
[SourceVersionDate "2001.11.25"]
[SourceQuality "1"]

1. e4 c5 2. Nf3 d6 3. d4 cxd4 4. Nxd4 Nf6 5. Nc3 Nc6 6. Bg5 Bd7 7. Qd2 Rc8 8. O-O-O Nxd4 9. Qxd4 Qa5 10. Bd2 g6 11. Kb1 Bg7 12. Nd5 Qd8 13. Bg5 O-O 14. Nxf6+ exf6 15. Bf4 Be6 16. Bxd6 Qa5 17. a3 Rfd8 18. Be2 f5 19. e5 Rxd6 20. Qxd6 Bxe5 21. Qb4 Qc7 22. c3 Rb8 23. Bf3 Bc4 24. Bd5 b5 25. a4 a5 26. Qa3 b4 27. cxb4 Rxb4 0-1

[Event "American op"]
[Site "Los Angeles"]
[Date "1995.??.??"]
[Round "7"]
[White "Peters, Jack"]
[Black "Ivanov, Igor V"]
[Result "0-1"]
[WhiteElo "2475"]
[BlackElo "2475"]
[PlyCount "70"]
[GameId "1166639246635008"]
[EventDate "1995.11.23"]
[EventType "swiss"]
[EventRounds "8"]
[EventCountry "USA"]
[SourceTitle "EXT 1998"]
[Source "ChessBase"]
[SourceDate "1997.11.17"]
[SourceVersion "1"]
[SourceVersionDate "1997.11.17"]
[SourceQuality "1"]

1. e4 e6 2. d4 d5 3. Nc3 Bb4 4. e5 Ne7 5. a3 Bxc3+ 6. bxc3 b6 7. Qg4 Ng6 8. Bb5+ c6 9. Bd3 Ba6 10. h4 Bxd3 11. cxd3 h5 12. Qg3 c5 13. Ne2 Nc6 14. Be3 cxd4 15. Bxd4 Rc8 16. f4 Nce7 17. Qf3 Nf5 18. g3 Nge7 19. O-O Nc6 20. Bf2 f6 21. exf6 Qxf6 22. c4 dxc4 23. dxc4 Qg6 24. Kh2 O-O 25. Rfd1 e5 26. Rd7 Rce8 27. Rad1 e4 28. Qg2 Re6 29. Rc7 Qg4 30. Nc3 e3 31. Rxc6 Rxc6 32. Qxc6 exf2 33. Qd5+ Kh8 34. Qd3 Nxg3 35. Qxg3 Qxd1 0-1

[Event "National op"]
[Site "Las Vegas"]
[Date "1996.??.??"]
[Round "?"]
[White "Ivanov, Igor V"]
[Black "Balinas, Rosendo Carrean"]
[Result "1-0"]
[WhiteElo "2475"]
[BlackElo "2345"]
[PlyCount "58"]
[GameId "1166639528837120"]
[EventDate "1996.??.??"]
[EventType "swiss"]
[EventRounds "9"]
[EventCountry "USA"]
[SourceTitle "EXT 2001"]
[Source "ChessBase"]
[SourceDate "2000.11.22"]
[SourceVersion "1"]
[SourceVersionDate "2000.11.22"]
[SourceQuality "1"]

1. d4 Nf6 2. c4 e6 3. Nf3 b6 4. e3 Bb7 5. Bd3 d5 6. O-O Nbd7 7. Nc3 Be7 8. Qe2 c5 9. cxd5 exd5 10. e4 dxe4 11. Nxe4 O-O 12. Rd1 Nxe4 13. Bxe4 Bxe4 14. Qxe4 Bf6 15. Be3 Re8 16. Qd5 cxd4 17. Nxd4 Ne5 18. Qb3 Ng4 19. Nf3 Qe7 20. Bf4 Qc5 21. Bg3 Re2 22. Rac1 Qf5 23. Rc7 Nh6 24. h3 Rxb2 25. Rxa7 Rc8 26. Qa4 Qc2 27. Rc7 Qf5 28. Nd4 Bxd4 29. Qxd4 Re2 1-0

[Event "National op"]
[Site "Las Vegas"]
[Date "1996.??.??"]
[Round "?"]
[White "Ivanov, Igor V"]
[Black "Jacobi, Steve"]
[Result "1-0"]
[WhiteElo "2475"]
[BlackElo "2345"]
[PlyCount "75"]
[GameId "1166639528845312"]
[EventDate "1996.??.??"]
[EventType "swiss"]
[EventRounds "9"]
[EventCountry "USA"]
[SourceTitle "EXT 2001"]
[Source "ChessBase"]
[SourceDate "2000.11.22"]
[SourceVersion "1"]
[SourceVersionDate "2000.11.22"]
[SourceQuality "1"]

1. d4 Nf6 2. c4 g6 3. Nc3 d5 4. cxd5 Nxd5 5. e4 Nxc3 6. bxc3 Bg7 7. Be3 c5 8. Rc1 O-O 9. Nf3 Qa5 10. Qd2 cxd4 11. cxd4 Qxd2+ 12. Nxd2 e6 13. Nb3 b6 14. f3 Ba6 15. Kd2 Bxf1 16. Rhxf1 Na6 17. Rc4 Rfd8 18. Rfc1 Nc5 19. Na1 Nb7 20. Kd3 Na5 21. Ra4 Rd7 22. Bd2 Nb7 23. Nb3 Rad8 24. Bg5 f6 25. Be3 f5 26. Rc6 fxe4+ 27. fxe4 Nd6 28. e5 Nf5 29. Ke4 Nxe3 30. Kxe3 Bh6+ 31. Ke4 Kf7 32. Ra6 Ke7 33. a4 Bd2 34. Kd3 Bb4 35. Rc4 Be1 36. Ke2 Bh4 37. d5 exd5 38. Rxh4 1-0

[Event "National op"]
[Site "Las Vegas"]
[Date "1996.??.??"]
[Round "?"]
[White "Wallach, Kenneth"]
[Black "Ivanov, Igor V"]
[Result "0-1"]
[WhiteElo "2225"]
[BlackElo "2475"]
[PlyCount "86"]
[GameId "1166639529410560"]
[EventDate "1996.??.??"]
[EventType "swiss"]
[EventRounds "9"]
[EventCountry "USA"]
[SourceTitle "EXT 2001"]
[Source "ChessBase"]
[SourceDate "2000.11.22"]
[SourceVersion "1"]
[SourceVersionDate "2000.11.22"]
[SourceQuality "1"]

1. d4 g6 2. e4 Bg7 3. Nf3 d6 4. Be2 Nf6 5. Nc3 O-O 6. O-O c6 7. a4 Bg4 8. h3 Bxf3 9. Bxf3 d5 10. e5 Nfd7 11. Bg5 h6 12. Bh4 g5 13. Bg3 e6 14. Ne2 f6 15. exf6 Qxf6 16. c3 Qf7 17. Bd6 Rd8 18. Ng3 Nf6 19. Ba3 Nbd7 20. Nh5 Bf8 21. Bxf8 Rxf8 22. Nxf6+ Nxf6 23. Qd2 Rae8 24. Rae1 Re7 25. Re3 Rfe8 26. Rfe1 Qg6 27. R1e2 Kf7 28. Qe1 h5 29. g3 g4 30. Bg2 Nd7 31. h4 Kg7 32. b3 Qf6 33. f4 gxf3 34. Bxf3 Qh6 35. g4 hxg4 36. Bxg4 Nf6 37. Bxe6 Kh8 38. Re5 Ne4 39. Bf5 Rg7+ 40. Rg2 Rxg2+ 41. Kxg2 Rg8+ 42. Kh1 Ng3+ 43. Kh2 Qf4 0-1

[Event "Dallas Pinfork op1"]
[Site "Dallas"]
[Date "1996.??.??"]
[Round "?"]
[White "Ivanov, Igor V"]
[Black "Kaidanov, Gregory"]
[Result "0-1"]
[WhiteElo "2475"]
[BlackElo "2605"]
[PlyCount "45"]
[GameId "1166639354089472"]
[EventDate "1996.03.01"]
[EventType "swiss"]
[EventRounds "6"]
[EventCountry "USA"]
[SourceTitle "EXT 1999"]
[Source "ChessBase"]
[SourceDate "1998.11.10"]
[SourceVersion "1"]
[SourceVersionDate "1998.11.10"]
[SourceQuality "1"]

1. Nf3 d5 2. d4 Nf6 3. c4 e6 4. Nc3 c6 5. e3 Nbd7 6. Bd3 dxc4 7. Bxc4 b5 8. Bd3 a6 9. e4 c5 10. d5 Qc7 11. O-O Bb7 12. Re1 c4 13. dxe6 fxe6 14. e5 Ng4 15. Be4 Be7 16. Nd4 Ndxe5 17. Bxb7 O-O 18. Bxa8 Rxf2 19. Be3 Rxb2 20. Bf4 Qa7 21. Re4 Nd3 22. Nce2 Qxa8 23. Re3 0-1

[Event "Dallas Pinfork op3"]
[Site "Dallas"]
[Date "1996.??.??"]
[Round "3"]
[White "Lein, Anatoly"]
[Black "Ivanov, Igor V"]
[Result "1/2-1/2"]
[WhiteElo "2455"]
[BlackElo "2475"]
[PlyCount "20"]
[GameId "1166639354322944"]
[EventDate "1996.07.04"]
[EventType "swiss"]
[EventRounds "7"]
[EventCountry "USA"]
[SourceTitle "EXT 2001"]
[Source "ChessBase"]
[SourceDate "2000.11.22"]
[SourceVersion "1"]
[SourceVersionDate "2000.11.22"]
[SourceQuality "1"]

1. d4 d5 2. c4 c6 3. cxd5 cxd5 4. Nf3 Nc6 5. Nc3 Nf6 6. Bf4 a6 7. e3 Bg4 8. Be2 e6 9. O-O Be7 10. Rc1 O-O 1/2-1/2

[Event "Dallas Pinfork op3"]
[Site "Dallas"]
[Date "1996.??.??"]
[Round "5"]
[White "Martin del Campo, Roberto"]
[Black "Ivanov, Igor V"]
[Result "1-0"]
[WhiteElo "2455"]
[BlackElo "2475"]
[PlyCount "51"]
[GameId "1166639354372096"]
[EventDate "1996.07.04"]
[EventType "swiss"]
[EventRounds "7"]
[EventCountry "USA"]
[SourceTitle "EXT 2001"]
[Source "ChessBase"]
[SourceDate "2000.11.22"]
[SourceVersion "1"]
[SourceVersionDate "2000.11.22"]
[SourceQuality "1"]

1. e4 c5 2. Nf3 d6 3. d4 cxd4 4. Nxd4 Nf6 5. Nc3 Nc6 6. Be3 e6 7. f4 Be7 8. Qf3 Qc7 9. O-O-O a6 10. Rg1 h5 11. g3 Ng4 12. h3 Nxe3 13. Qxe3 b5 14. Nxc6 Qxc6 15. Bg2 Rb8 16. Kb1 b4 17. Ne2 Qb6 18. Qd2 a5 19. g4 a4 20. g5 O-O 21. Nd4 g6 22. Bf3 b3 23. cxb3 e5 24. Ne2 axb3 25. a3 Bxh3 26. f5 1-0

[Event "Dallas Pinfork op3"]
[Site "Dallas"]
[Date "1996.07.??"]
[Round "6"]
[White "Ivanov, Igor V"]
[Black "Ardaman, Miles"]
[Result "0-1"]
[WhiteElo "2475"]
[BlackElo "2350"]
[PlyCount "94"]
[GameId "1206940951592960"]
[EventDate "1996.07.04"]
[EventType "swiss"]
[EventRounds "7"]
[EventCountry "USA"]
[SourceTitle "EXT 2022"]
[Source "ChessBase"]
[SourceDate "2021.10.06"]
[SourceVersion "1"]
[SourceVersionDate "2021.10.06"]
[SourceQuality "1"]

1. Nf3 d6 2. d4 Bg4 3. c4 Nf6 4. Nc3 c6 5. e4 Nbd7 6. h3 Bh5 7. Be2 e5 8. O-O Be7 9. d5 Bg6 10. Nd2 Nc5 11. Re1 Qb6 12. Bf1 O-O 13. a3 a5 14. b3 Nh5 15. g4 Nf4 16. Re3 Rfc8 17. Rb1 Qa7 18. Nf3 h5 19. Re1 cxd5 20. cxd5 Ncd3 21. Be3 Rxc3 22. Bxa7 Nxe1 23. Be3 Nxf3+ 24. Qxf3 hxg4 25. hxg4 Nxd5 26. Rc1 Rxc1 27. Bxc1 Nf6 28. Bd3 d5 29. exd5 e4 30. Qe2 exd3 31. Qxe7 Re8 32. Qc7 Nxd5 33. Qxa5 Nf6 34. f3 Re2 35. Bg5 Ne8 36. Bf4 Nf6 37. Kf1 Kh7 38. Bd2 Rh2 39. a4 Nd5 40. f4 Be4 41. Qd8 f5 42. gxf5 Nf6 43. Be3 Bd5 44. Qa5 Re2 45. Bd2 Bf3 46. Be1 Ng4 47. Qd8 Rh2 0-1

[Event "American op"]
[Site "Los Angeles"]
[Date "1996.??.??"]
[Round "1"]
[White "Burtman, Sharon"]
[Black "Ivanov, Igor V"]
[Result "0-1"]
[WhiteElo "2060"]
[BlackElo "2475"]
[PlyCount "60"]
[GameId "1166639911747584"]
[EventDate "1996.11.28"]
[EventType "swiss"]
[EventRounds "9"]
[EventCountry "USA"]
[SourceTitle "EXT 2001"]
[Source "ChessBase"]
[SourceDate "2000.11.22"]
[SourceVersion "1"]
[SourceVersionDate "2000.11.22"]
[SourceQuality "1"]

1. d4 Nf6 2. c4 e6 3. g3 d5 4. Bg2 dxc4 5. Nf3 Nc6 6. O-O Rb8 7. Nc3 b5 8. e4 b4 9. Ne2 Be7 10. Be3 O-O 11. Nd2 Ba6 12. Rc1 Na5 13. Re1 c5 14. e5 Nd5 15. Ne4 Nxe3 16. fxe3 Qb6 17. Nf4 cxd4 18. Qh5 Qd8 19. Qg4 d3 20. Nh5 g6 21. Nef6+ Kh8 22. Qg5 Rg8 23. Qh6 Bxf6 24. Nxf6 Rg7 25. Red1 d2 26. Rc2 c3 27. bxc3 bxc3 28. Bf3 Nc4 29. Rxc3 Nxe5 30. e4 Qxf6 0-1

[Event "American op"]
[Site "Los Angeles"]
[Date "1996.??.??"]
[Round "2"]
[White "Ivanov, Igor V"]
[Black "Hanken, Jerome"]
[Result "1-0"]
[WhiteElo "2475"]
[BlackElo "2180"]
[PlyCount "51"]
[GameId "1166639911907328"]
[EventDate "1996.11.28"]
[EventType "swiss"]
[EventRounds "9"]
[EventCountry "USA"]
[SourceTitle "EXT 2001"]
[Source "ChessBase"]
[SourceDate "2000.11.22"]
[SourceVersion "1"]
[SourceVersionDate "2000.11.22"]
[SourceQuality "1"]

1. d4 g6 2. c4 Bg7 3. e4 c5 4. d5 e6 5. f4 exd5 6. cxd5 d6 7. Nf3 Bg4 8. Bb5+ Nd7 9. O-O a6 10. Bxd7+ Qxd7 11. Nbd2 Ne7 12. h3 Bxf3 13. Qxf3 Rd8 14. f5 Bd4+ 15. Kh1 f6 16. Rb1 O-O 17. b4 b5 18. Nb3 Qc8 19. bxc5 Bxc5 20. Bh6 Rf7 21. Rbc1 gxf5 22. exf5 Qb7 23. Nxc5 dxc5 24. Rxc5 Rxd5 25. Re1 Rd7 26. Qxb7 1-0

[Event "American op"]
[Site "Los Angeles"]
[Date "1996.??.??"]
[Round "3"]
[White "Hermansen, Ron"]
[Black "Ivanov, Igor V"]
[Result "0-1"]
[WhiteElo "2225"]
[BlackElo "2475"]
[PlyCount "148"]
[GameId "1166639911997440"]
[EventDate "1996.11.28"]
[EventType "swiss"]
[EventRounds "9"]
[EventCountry "USA"]
[SourceTitle "EXT 2001"]
[Source "ChessBase"]
[SourceDate "2000.11.22"]
[SourceVersion "1"]
[SourceVersionDate "2000.11.22"]
[SourceQuality "1"]

1. e4 c5 2. Nf3 d6 3. d4 cxd4 4. Nxd4 Nf6 5. Nc3 Nc6 6. Bc4 e6 7. Be3 Be7 8. Qe2 Na5 9. Bd3 a6 10. g4 Nd7 11. O-O-O b5 12. Rhe1 Ne5 13. f4 Nxd3+ 14. Qxd3 b4 15. Nce2 Qc7 16. Kb1 Nc4 17. Bc1 O-O 18. g5 Rd8 19. b3 Na3+ 20. Bxa3 bxa3 21. c4 Bd7 22. h4 Rab8 23. Rc1 Qc5 24. f5 Qe5 25. Rc2 exf5 26. Nxf5 Bf8 27. Rd1 a5 28. Qd5 Be6 29. Qxe5 dxe5 30. Nc3 Rxd1+ 31. Nxd1 a4 32. Rc3 Bc5 33. Nde3 g6 34. Nh6+ Kg7 35. Nd5 f5 36. Nc7 Bd7 37. Na6 Rc8 38. Nxc5 Rxc5 39. b4 Rc7 40. Kc2 fxe4 41. c5 Bb5 42. Rxa3 Kf8 43. Ng4 Ke7 44. Nf6 Ke6 45. Kd2 Bc6 46. Rc3 Rc8 47. Ke3 Rd8 48. b5 Bxb5 49. Nxe4 Bc6 50. Nf6 h6 51. Rc1 Rd4 52. Rb1 hxg5 53. Rb6 Kxf6 54. Rxc6+ Kf5 55. hxg5 Kxg5 56. Ra6 Kf5 57. c6 g5 58. c7 Rc4 59. Rxa4 Rc3+ 60. Ke2 Rxc7 61. Ra8 g4 62. a4 Rc2+ 63. Ke3 Ra2 64. a5 Ra3+ 65. Kf2 Kf4 66. Rf8+ Ke4 67. Ra8 Rf3+ 68. Kg2 Ke3 69. a6 e4 70. a7 Rf7 71. Kg3 Rg7 72. Kh2 Ke2 73. Kg2 e3 74. Kg3 Rd7 0-1

[Event "American op"]
[Site "Los Angeles"]
[Date "1996.??.??"]
[Round "4"]
[White "Ivanov, Igor V"]
[Black "Yermolinsky, Alex"]
[Result "1/2-1/2"]
[WhiteElo "2475"]
[BlackElo "2565"]
[PlyCount "37"]
[GameId "1166639912095744"]
[EventDate "1996.11.28"]
[EventType "swiss"]
[EventRounds "9"]
[EventCountry "USA"]
[SourceTitle "EXT 2001"]
[Source "ChessBase"]
[SourceDate "2000.11.22"]
[SourceVersion "1"]
[SourceVersionDate "2000.11.22"]
[SourceQuality "1"]

1. c4 Nf6 2. Nf3 c5 3. g3 b6 4. Bg2 Bb7 5. O-O e6 6. Nc3 Be7 7. Re1 Ne4 8. Nxe4 Bxe4 9. d3 Bb7 10. e4 Nc6 11. d4 cxd4 12. Nxd4 Nxd4 13. Qxd4 O-O 14. Bf4 d6 15. Qd3 Qc7 16. Rad1 Rfd8 17. b3 Bc6 18. Qe2 Qb7 19. h4 1/2-1/2

[Event "American op"]
[Site "Los Angeles"]
[Date "1996.??.??"]
[Round "5"]
[White "Christiansen, Larry"]
[Black "Ivanov, Igor V"]
[Result "1/2-1/2"]
[WhiteElo "2580"]
[BlackElo "2475"]
[PlyCount "82"]
[GameId "1166639912177664"]
[EventDate "1996.11.28"]
[EventType "swiss"]
[EventRounds "9"]
[EventCountry "USA"]
[SourceTitle "EXT 2001"]
[Source "ChessBase"]
[SourceDate "2000.11.22"]
[SourceVersion "1"]
[SourceVersionDate "2000.11.22"]
[SourceQuality "1"]

1. e4 c5 2. Nf3 d6 3. Bb5+ Bd7 4. Bxd7+ Nxd7 5. c4 Ngf6 6. Nc3 e6 7. d4 cxd4 8. Nxd4 a6 9. b3 Qa5 10. Bd2 Qe5 11. Nf3 Qh5 12. O-O Ne5 13. Nxe5 Qxd1 14. Rfxd1 dxe5 15. f3 Bc5+ 16. Kf1 Nd7 17. Ne2 a5 18. a3 Ke7 19. Bc3 Rhc8 20. Ra2 Rc7 21. Rad2 Bxa3 22. Ra2 Bd6 23. Rxa5 Rxa5 24. Bxa5 b6 25. Be1 Nc5 26. Nc1 h6 27. Ke2 f5 28. exf5 exf5 29. Bb4 Ke6 30. Rd5 Be7 31. Bc3 Bf6 32. Bb4 e4 33. fxe4 fxe4 34. Kd1 Be5 35. h3 Rf7 36. Ke2 Bb2 37. Bd2 Bxc1 38. Bxc1 Nxb3 39. Be3 Na5 40. Rd4 Ke5 41. Rd5+ Ke6 1/2-1/2

[Event "American op"]
[Site "Los Angeles"]
[Date "1996.??.??"]
[Round "6"]
[White "Ivanov, Igor V"]
[Black "Peters, Jack"]
[Result "0-1"]
[WhiteElo "2475"]
[BlackElo "2460"]
[PlyCount "70"]
[GameId "1166639912292352"]
[EventDate "1996.11.28"]
[EventType "swiss"]
[EventRounds "9"]
[EventCountry "USA"]
[SourceTitle "EXT 2001"]
[Source "ChessBase"]
[SourceDate "2000.11.22"]
[SourceVersion "1"]
[SourceVersionDate "2000.11.22"]
[SourceQuality "1"]

1. d4 Nf6 2. c4 g6 3. Nc3 Bg7 4. e4 d6 5. Nf3 O-O 6. Be2 e5 7. O-O Nc6 8. d5 Ne7 9. b4 Nh5 10. Re1 f5 11. Ng5 Nf6 12. Bf3 a5 13. b5 b6 14. Qb3 fxe4 15. Ncxe4 Nf5 16. Bb2 Nxe4 17. Nxe4 Bh6 18. c5 Nh4 19. cxd6 Nxf3+ 20. gxf3 cxd6 21. Qa3 Bd2 22. Red1 Bb4 23. Qb3 Bf5 24. Ng3 Qh4 25. Rac1 Bc5 26. Rd2 Bd7 27. Rc4 Rf4 28. Rxf4 Qxf4 29. Ne4 Rf8 30. Kg2 a4 31. Qc3 Bb4 32. Qxb4 Qxf3+ 33. Kf1 Bh3+ 34. Ke1 Qh1+ 35. Ke2 Bf1+ 0-1

[Event "American op"]
[Site "Los Angeles"]
[Date "1996.??.??"]
[Round "7"]
[White "Bhat, Vinay"]
[Black "Ivanov, Igor V"]
[Result "0-1"]
[WhiteElo "2225"]
[BlackElo "2475"]
[PlyCount "106"]
[GameId "1166639912349696"]
[EventDate "1996.11.28"]
[EventType "swiss"]
[EventRounds "9"]
[EventCountry "USA"]
[SourceTitle "EXT 2001"]
[Source "ChessBase"]
[SourceDate "2000.11.22"]
[SourceVersion "1"]
[SourceVersionDate "2000.11.22"]
[SourceQuality "1"]

1. e4 c5 2. Nc3 Nc6 3. f4 g6 4. Nf3 Bg7 5. d3 Rb8 6. g3 b5 7. Bg2 b4 8. Ne2 d5 9. e5 f6 10. d4 Bg4 11. h3 Bxf3 12. Bxf3 e6 13. Be3 Nge7 14. exf6 Bxf6 15. g4 O-O 16. O-O cxd4 17. Nxd4 Nxd4 18. Bxd4 Nc6 19. Bc5 Bxb2 20. Rb1 Qf6 21. Bxf8 Rxf8 22. Bg2 Rd8 23. Kh1 Bc3 24. Qd3 Nd4 25. a4 Rd6 26. Rf2 Kf8 27. Rbf1 Ke7 28. Qe3 Kd7 29. Qd3 Kc7 30. a5 h6 31. f5 gxf5 32. gxf5 e5 33. Rg1 e4 34. Qe3 Nc6 35. Qf4 Be5 36. Qc1 Qh4 37. Qe1 Bg3 38. Rgf1 Bxf2 39. Rxf2 Qg3 40. Qf1 Rf6 41. Rd2 Qe5 42. a6 Kb6 43. Qg1+ d4 44. Re2 e3 45. Qe1 Qxf5 46. Qg3 Rg6 47. Qh4 Kxa6 48. Re1 Rxg2 49. Kxg2 Qxc2+ 50. Kf1 b3 51. Ra1+ Kb6 52. Qe1 a5 53. Rc1 Qh2 0-1

[Event "American op"]
[Site "Los Angeles"]
[Date "1996.??.??"]
[Round "8"]
[White "Ivanov, Igor V"]
[Black "Duckworth, William"]
[Result "1-0"]
[WhiteElo "2475"]
[BlackElo "2320"]
[PlyCount "57"]
[GameId "1166639912505344"]
[EventDate "1996.11.28"]
[EventType "swiss"]
[EventRounds "9"]
[EventCountry "USA"]
[SourceTitle "EXT 2001"]
[Source "ChessBase"]
[SourceDate "2000.11.22"]
[SourceVersion "1"]
[SourceVersionDate "2000.11.22"]
[SourceQuality "1"]

1. Nf3 d5 2. d4 Bf5 3. c4 e6 4. Qb3 Nc6 5. Bd2 Rb8 6. Nc3 Nf6 7. cxd5 exd5 8. Bg5 Nb4 9. Rc1 c6 10. e3 Qb6 11. Bxf6 gxf6 12. Qd1 Rg8 13. Nh4 Bg6 14. a3 Na6 15. b4 Be7 16. Bd3 f5 17. Nf3 f4 18. Bxg6 Rxg6 19. O-O fxe3 20. fxe3 Bf6 21. Ne2 Bg5 22. Nxg5 Rxg5 23. Qd3 Rg7 24. Nf4 Qd8 25. e4 Nc7 26. Rce1 dxe4 27. Qxe4+ Kf8 28. Qe5 Rg5 29. Qxc7 1-0

[Event "Las Vegas"]
[Site "Las Vegas"]
[Date "1997.??.??"]
[Round "?"]
[White "Serper, Grigory"]
[Black "Ivanov, Igor V"]
[Result "1-0"]
[WhiteElo "2540"]
[BlackElo "2510"]
[PlyCount "49"]
[GameId "1166640166510592"]
[EventDate "1997.??.??"]
[EventType "game"]
[EventRounds "1"]
[EventCountry "USA"]
[SourceTitle "EXT 2010"]
[Source "ChessBase"]
[SourceDate "2009.11.30"]
[SourceVersion "1"]
[SourceVersionDate "2009.11.30"]
[SourceQuality "1"]

1. c4 c5 2. Nf3 Nc6 3. d4 cxd4 4. Nxd4 g6 5. e4 Bg7 6. Be3 Nf6 7. Nc3 Ng4 8. Qxg4 Bxd4 9. Bxd4 Nxd4 10. O-O-O e5 11. Qg3 d6 12. f4 f6 13. f5 Kf7 14. Ne2 Nxe2+ 15. Bxe2 b6 16. Qa3 Ke7 17. g4 Bb7 18. g5 Rf8 19. Qh3 Qd7 20. Qxh7+ Kd8 21. Rxd6 Qxd6 22. Rd1 Qxd1+ 23. Bxd1 Bxe4 24. gxf6 Rxf6 25. Qh4 1-0

[Event "Los Angeles"]
[Site "Los Angeles"]
[Date "1997.??.??"]
[Round "?"]
[White "Ivanov, Igor V"]
[Black "Browne, Walter"]
[Result "0-1"]
[WhiteElo "2510"]
[BlackElo "2540"]
[PlyCount "52"]
[GameId "1166640172032000"]
[EventDate "1997.??.??"]
[EventType "game"]
[EventRounds "1"]
[EventCountry "USA"]
[SourceTitle "EXT 2010"]
[Source "ChessBase"]
[SourceDate "2009.11.30"]
[SourceVersion "1"]
[SourceVersionDate "2009.11.30"]
[SourceQuality "1"]

1. Nf3 c5 2. c4 Nf6 3. Nc3 e6 4. e3 Nc6 5. d4 d5 6. cxd5 exd5 7. Bb5 Bd6 8. O-O O-O 9. h3 a6 10. dxc5 Bxc5 11. Bxc6 bxc6 12. b3 Bd6 13. Bb2 c5 14. Na4 Bb7 15. Rc1 Rc8 16. Qd3 Ne4 17. Rfd1 Re8 18. Nc3 Nxc3 19. Bxc3 Re4 20. Nd2 Re6 21. Qf5 Qe7 22. Nf3 h6 23. Rxd5 Bxd5 24. Qxd5 Rxe3 25. Qf5 Qe6 26. Qb1 Rxf3 0-1

[Event "US Open-100"]
[Site "Reno"]
[Date "1999.??.??"]
[Round "?"]
[White "Ivanov, Igor V"]
[Black "Benjamin, Joel"]
[Result "1-0"]
[WhiteElo "2507"]
[BlackElo "2593"]
[PlyCount "131"]
[GameId "1166642018627584"]
[EventDate "1999.08.10"]
[EventType "swiss"]
[EventRounds "9"]
[EventCountry "USA"]
[SourceTitle "EXT 2003"]
[Source "ChessBase"]
[SourceDate "2002.11.25"]
[SourceVersion "1"]
[SourceVersionDate "2002.11.25"]
[SourceQuality "1"]

1. d4 d6 2. e4 Nf6 3. Nc3 g6 4. Nf3 Bg7 5. h3 O-O 6. Be3 a6 7. a4 b6 8. Be2 Bb7 9. Nd2 c5 10. d5 e6 11. dxe6 fxe6 12. Bg5 Nc6 13. Bc4 Qe8 14. O-O Nd4 15. e5 Qc6 16. f3 dxe5 17. Bxf6 Bxf6 18. Bd3 Rad8 19. Be4 Rd5 20. Nc4 Rfd8 21. Qe1 Qc7 22. Ne3 Qe7 23. Ng4 Bg7 24. Rf2 b5 25. axb5 axb5 26. Qf1 c4 27. Re1 Qc5 28. Kh2 b4 29. Nb1 Nc6 30. c3 b3 31. Na3 Ba6 32. Rfe2 Rd2 33. Ne3 R2d5 34. Qf2 Qf8 35. Nexc4 Rc5 36. Bxc6 Rxc6 37. Re4 Rd5 38. Qg3 Rcc5 39. Nxe5 Qd6 40. f4 Bb7 41. Rb4 Qc7 42. Re2 Ba6 43. c4 Bxe5 44. fxe5 Bxc4 45. Nxc4 Rxc4 46. Rxb3 Rcc5 47. Rbe3 Rc2 48. Qg4 Rxe2 49. Qxe6+ Qf7 50. Qxf7+ Kxf7 51. e6+ Ke7 52. Rxe2 Rb5 53. Kg3 Rb4 54. Kf2 g5 55. Ke1 Rd4 56. Re3 Rb4 57. b3 Rd4 58. Ke2 h6 59. g4 Rd8 60. Re4 Rd6 61. b4 Rd5 62. Ke3 Rd1 63. b5 Rb1 64. Re5 Rb3+ 65. Kd4 Rxh3 66. b6 1-0

[Event "San Francisco Masters op"]
[Site "San Francisco"]
[Date "2000.03.06"]
[Round "1"]
[White "Ivanov, Igor V"]
[Black "Harmon, Clark"]
[Result "1-0"]
[WhiteElo "2489"]
[BlackElo "2203"]
[PlyCount "116"]
[GameId "1166642623954944"]
[EventDate "2000.03.31"]
[EventType "swiss"]
[EventRounds "7"]
[EventCountry "USA"]
[SourceTitle "EXT 2001"]
[Source "ChessBase"]
[SourceDate "2000.11.22"]
[SourceVersion "1"]
[SourceVersionDate "2000.11.22"]
[SourceQuality "1"]

1. Nf3 Nf6 2. c4 e6 3. Nc3 Bb4 4. Qb3 Ba5 5. d4 Ne4 6. e3 f5 7. Bd2 Bxc3 8. Bxc3 b6 9. Be2 Bb7 10. O-O O-O 11. Rfd1 d6 12. Be1 Nd7 13. Nd2 Nef6 14. f3 Qe8 15. Rac1 Qe7 16. Nb1 Kh8 17. Nc3 Rg8 18. Nb5 c6 19. Nc7 Rac8 20. c5 d5 21. cxb6 axb6 22. Na6 Ra8 23. Nb4 c5 24. Nd3 c4 25. Qb4 Qf7 26. Ne5 Nxe5 27. dxe5 Nd7 28. a3 Bc6 29. b3 b5 30. a4 Rgb8 31. a5 Qe8 32. Bc3 Qf8 33. Qxf8+ Nxf8 34. b4 g5 35. h4 gxh4 36. Kf2 Ng6 37. Rh1 f4 38. exf4 Rf8 39. Bd2 d4 40. f5 Rxf5 41. Bd3 Rxe5 42. Bxg6 hxg6 43. Rxh4+ Rh5 44. Rxd4 Bd5 45. Bc3 Kg8 46. Rg4 Kf7 47. Rf4+ Ke7 48. Bd4 e5 49. Re1 Ke6 50. g4 Rg5 51. Kg3 Rh8 52. Bc3 Bc6 53. Rd4 Rh1 54. Rde4 Rxe1 55. Rxe1 e4 56. fxe4 Re5 57. Kf3 Kd6 58. Bxe5+ Kxe5 1-0